000 00488nam a2200169Ia 4500
003 GCL
008 140319s9999 xx 000 0 ara d
040 _aGCL /
_cGCL
082 0 4 _a811.3
_bف د
100 1 _aفابيرت، رابنهرت
245 1 0 _aديوان الراعى النميرى /
_cفابيرت، رابنهرت
300 _a345 ص
490 _aنصوص ودراسات
_v0
650 0 4 _aالشعر العربى
650 0 4 _aدواوين وقصائد
942 _2ddc
_cBK
999 _c41178
_d41178